| 000 | 01409cam a22002294a 4500 | ||
|---|---|---|---|
| 020 | _a0231701640 (alk. paper) | ||
| 020 | _a9780231701648 (alk. paper) | ||
| 082 | 0 | 0 |
_a954.92046 _bBOS _cD, N-02,P-100 |
| 100 | 1 |
_aBose, Sarmila. _951292 |
|
| 245 | 1 | 0 |
_aDead reckoning : _bmemories of the 1971 Bangladesh War / _cSarmila Bose. |
| 260 |
_aNew York :GHQ Rawalpindi _bColumbia University Press,/Service book club _cc2011. |
||
| 300 |
_ax, 239 p. ; _c23 cm. |
||
| 505 | 0 | _aIntroduction: Memories in conflict -- Call to arms : Bengali nationalist rebellion -- Military inaction : power without responsibility -- Military action : "Operation Searchlight" in Dhaka -- Uncivil war : mobs, mutinies, and madness -- Village of widows : "securing" the countryside -- Hounding of Hindus : the politics of minority persecution -- Hit and run : sabotage and retribution -- Fratricide : death squads at war's end -- Words and numbers : memories and monstrous fables -- Appendix 1: Bibliographical note -- Appendix 2: List of interviewees. | |
| 526 |
_a0 _b0 _c0 _d954_920460000000000_BOS |
||
| 526 |
_a0 _b0 _c0 _d954_920460000000000_BOS |
||
| 650 | 0 |
_aCollective memory _zBangladesh. _951293 |
|
| 650 | 0 |
_aInterviews _zBangladesh. _951294 |
|
| 650 | 0 |
_aWar and society _zBangladesh _xHistory _951295 |
|
| 650 | 0 |
_aWar victims _zBangladesh _951296 |
|
| 856 | 4 | 2 | _uhttp://www.h-net.org/reviews/showrev.php?id=34415 |
| 942 |
_2ddc _cBK |
||
| 999 |
_c554019 _d554019 |
||